| 000 | 00736nam a22002417a 4500 | ||
|---|---|---|---|
| 003 | UA-OsUOA | ||
| 001 | 92779 | ||
| 007 | ta | ||
| 008 | 20121225b un ||||| |||| 00| 0 ukr d | ||
| 100 | _aАлексеев М. Н. | ||
| 090 |
_a821.161.1 _bА47 |
||
| 942 | _cBK | ||
| 040 |
_aUA-OsUOA _brus _cUA-OsUOA _dUA-OsUOA |
||
| 245 |
_aИзбранные произведения _bроман, повести |
||
| 300 | _a507 с. | ||
| 955 | _a3 | ||
| 041 | _arus | ||
| 080 | _a821.161.1 | ||
| 260 |
_aМ. _bХудлит _c1978 |
||
| 246 | 3 | 1 |
_aВишневый омут. Хлеб - имя существительное. Карюха _n |
| 650 | 7 |
_a82 Література. Літературознавство _2UDC |
|
| 999 |
_c379228 _d379228 |
||